Economía, enseñanza media

Сохранить в:
Библиографические подробности
Главные авторы: Valencia Castañeda, Lucía Victoria (Автор), Azúa Herrera, Enrique (Автор), Jiménez Rodríguez, Patricia (Автор)
Формат:
Язык:испанский
Опубликовано: Santiago Santillana del Pacífico 1998
Предметы:
Метки: Добавить метку
Нет меток, Требуется 1-ая метка записи!

MARC

LEADER 00000nam a2200000 a 4500
001 UCM8828
003 CL-VaPUC
008 030328e19980000CL |||||||||||||||||spa|d
082 0 4 |a 330.0712  |b VAL  |2 21 
100 0 |a Valencia Castañeda, Lucía Victoria  |e author  |9 475053 
700 0 |a Azúa Herrera, Enrique  |e author  |9 475054 
700 |a Jiménez Rodríguez, Patricia  |e author  |9 539498 
245 1 0 |a Economía, enseñanza media 
300 |a 205 p 
942 |c BK 
945 |d 20030328 00:00:00  |a cmena 
260 |a Santiago  |b Santillana del Pacífico  |c 1998 
650 0 |a Economía   |9 255568 
650 0 |a Capitalismo  |9 255255 
650 7 |a SISTEMAS ECONOMICOS  |2 CL-VaPUC  |9 475056 
650 0 |a Recursos naturales  |9 255232 
650 0 |a Trabajo y empleo  |9 315054 
650 7 |a EMPRESAS PRODUCTIVAS  |2 CL-VaPUC  |9 358973 
650 0 |a Estado y economía  |9 383167 
650 0 |a Globalización  |9 361930 
650 0 |a Problemas sociales  |9 258537 
583 |a last modification  |c 20030328 00:00:00  |k Rodrigo Vera 
999 |c 303249  |d 303247 
952 |0 0  |1 0  |4 0  |6 330_071200000000000_VAL_1998  |7 0  |8 A  |9 364428  |a BIBHIS  |b BIBHIS  |d 2019-11-21  |i 3887871  |o 330.0712 VAL 1998  |p 3887871  |r 2025-01-20  |w 2019-11-21  |y BK  |k HIS